| 000 | 00857cam a22002055a 4500 | ||
|---|---|---|---|
| 001 | ##J100645 | ||
| 008 | 000000s1895 000 0 eng u | ||
| 035 | _a(Sirsi) u100645 | ||
| 041 | 0 | _aeng | |
| 050 | 0 | 4 | _a333.33 $2 18 |
| 110 | 2 |
_aSurveyors' Institution _93783 |
|
| 245 | 0 | 0 |
_aMovement of values in freehold urban districts _bwith special reference to Leeds |
| 260 |
_aLeeds _bAlf Cooke _c1895 |
||
| 300 |
_a15p. _c21cm. |
||
| 520 | _aRead before the Yorkshire Branch of the Surveyors' Institution by John Hepper in Leeds on the 7th of October 1895. The paper discusses price rates, with supporting statistics, for the years 1875, 1882, 1889 and 1895. Reference is made to property sales and land values in Leeds in the appendix. | ||
| 651 | 4 |
_aGreat Britain _y1707- |
|
| 690 | _aPROPERTY-PROPERTY MARKET | ||
| 700 | 1 | _aHepper, John | |
| 942 | _n0 | ||
| 999 |
_c99732 _d99732 |
||